[Event "GEO-ch 1st League 2021"]
[Site "Tbilisi"]
[Date "2021.04.02"]
[Round "5.9"]
[White "Elashvili, Giorgi"]
[Black "Volkov, Nika"]
[Result "0-1"]
[WhiteElo "1857"]
[BlackElo "2084"]
[Annotator "ChessBase"]
[PlyCount "142"]
[EventDate "2021.03.29"]
[EventType "swiss"]
[EventCountry "GEO"]
[SourceTitle "playchess.com"]
[Source "ChessBase"]
[SourceQuality "1"]
[TimeControl "5400+30"]

1. e4 {[%emt 0:00:00]} c5 {[%emt 0:01:31]} 2. Nf3 {[%emt 0:00:00]} e6 {[%emt 0:00:05]} 3. d4 {[%emt 0:00:38]} d5 {[%emt 0:00:01]} 4. Nc3 {[%emt 0:06:45]} Nf6 {[%emt 0:00:02]} 5. exd5 {[%emt 0:00:37]} exd5 {[%emt 0:00:02]} 6. Bb5+ {[%emt 0:00:27]} Nc6 {[%emt 0:00:02]} 7. O-O {[%emt 0:00:33]} Be7 {[%emt 0:00:02]} 8. dxc5 {[%emt 0:01:22]} Bxc5 {[%emt 0:04:57]} 9. Bg5 {[%emt 0:02:04]} Be6 {[%emt 0:01:05]} 10. Bxf6 {[%emt 0:04:52]} gxf6 {[%emt 0:00:02]} 11. Na4 {[%emt 0:12:56]} Bd6 {[%emt 0:01:14]} 12. Nd4 {[%emt 0:04:07]} Qd7 {[%emt 0:00:18]} 13. Qf3 {[%emt 0:06:32]} Ke7 {[%emt 0:04:42]} 14. Bxc6 {[%emt 0:10:28]} bxc6 {[%emt 0:01:31]} 15. Rfe1 {[%emt 0:01:14]} Be5 {[%emt 0:00:28]} 16. Qa3+ {[%emt 0:06:24]} Ke8 {[%emt 0:06:27]} 17. Nxe6 {[%emt 0:03:37]} fxe6 {[%emt 0:00:13]} 18. Nb6 {[%emt 0:02:07]} Qe7 {[%emt 0:04:01]} 19. Qxe7+ {[%emt 0:04:05]} Kxe7 {[%emt 0:00:03]} 20. Nxa8 {[%emt 0:00:12]} Rxa8 {[%emt 0:00:03]} 21. c3 {[%emt 0:00:37]} c5 {[%emt 0:00:24]} 22. Re3 {[%emt 0:06:45]} Rb8 {[%emt 0:00:32]} 23. Rb1 {[%emt 0:00:27]} Rb7 {[%emt 0:00:15]} 24. Kf1 {[%emt 0:01:27]} c4 {[%emt 0:02:12]} 25. Ke2 {[%emt 0:02:32]} d4 {[%emt 0:00:27]} 26. cxd4 {[%emt 0:02:44]} Bxd4 {[%emt 0:00:01]} 27. Rh3 {[%emt 0:08:51]} Kd6 {[%emt 0:00:02]} 28. b3 {[%emt 0:02:36]} c3 {[%emt 0:01:47]} 29. Kd3 {[%emt 0:00:41]} Kd5 {[%emt 0:00:26]} 30. Rc1 {[%emt 0:05:39]} Rc7 {[%emt 0:00:02]} 31. Rc2 {[%emt 0:01:20]} a5 {[%emt 0:00:01]} 32. f3 {[%emt 0:01:08]} e5 {[%emt 0:00:06]} 33. g4 {[%emt 0:00:33]} Ra7 {[%emt 0:04:23]} 34. Rh6 {[%emt 0:00:40]} Rf7 {[%emt 0:01:16]} 35. Rh5 {[%emt 0:00:13]} Ra7 {[%emt 0:00:23]} 36. h4 {[%emt 0:01:16]} Rf7 {[%emt 0:01:09]} 37. Rf5 {[%emt 0:00:12]} Ke6 {[%emt 0:00:01]} 38. Re2 {[%emt 0:01:36]} a4 {[%emt 0:00:27]} 39. bxa4 {[%emt 0:00:36]} Ra7 {[%emt 0:00:02]} 40. Rh5 {[%emt 0:00:22]} Rxa4 {[%emt 0:00:23]} 41. Rxh7 {[%emt 0:00:28]} c2 {[%emt 0:00:28]} 42. Rxc2 {[%emt 0:00:44]} Ra3+ {[%emt 0:00:01]} 43. Kc4 {[%emt 0:00:28]} Rxf3 {[%emt 0:00:02]} 44. a4 {[%emt 0:00:31]} Rf4 {[%emt 0:00:02]} 45. Kb5 {[%emt 0:00:31]} Rxg4 {[%emt 0:00:20]} 46. a5 {[%emt 0:00:24]} Rg1 {[%emt 0:00:02]} 47. h5 {[%emt 0:00:37]} Rb1+ {[%emt 0:00:02]} 48. Ka4 {[%emt 0:00:30]} Ra1+ {[%emt 0:00:07]} 49. Kb5 {[%emt 0:00:07]} Rb1+ {[%emt 0:00:02]} 50. Kc4 {[%emt 0:00:53]} Ra1 {[%emt 0:00:07]} 51. Kb4 {[%emt 0:00:27]} Rb1+ {[%emt 0:00:02]} 52. Ka4 {[%emt 0:00:21]} Ra1+ {[%emt 0:00:02]} 53. Kb5 {[%emt 0:00:04]} Rb1+ {[%emt 0:00:04]} 54. Ka6 {[%emt 0:00:51]} e4 {[%emt 0:00:07]} 55. h6 {[%emt 0:00:43]} f5 {[%emt 0:00:12]} 56. Rb7 {[%emt 0:00:29]} Rh1 {[%emt 0:00:02]} 57. h7 {[%emt 0:00:35]} e3 {[%emt 0:00:18]} 58. Kb5 {[%emt 0:00:30]} f4 {[%emt 0:00:10]} 59. a6 {[%emt 0:00:28]} f3 {[%emt 0:00:36]} 60. a7 {[%emt 0:00:31]} f2 {[%emt 0:00:13]} 61. Rc6+ {[%emt 0:00:19]} Kd5 {[%emt 0:00:27]} 62. Rd7+ {[%emt 0:00:17]} Ke4 {[%emt 0:00:42]} 63. Rxd4+ {[%emt 0:00:53]} Kxd4 {[%emt 0:00:08]} 64. Rc4+ {[%emt 0:00:10]} Kd3 {[%emt 0:01:30]} 65. a8=Q {[%emt 0:00:22]} f1=Q {[%emt 0:00:27]} 66. Qd5+ {[%emt 0:00:52]} Ke2 {[%emt 0:00:03]} 67. Kc5 {[%emt 0:00:39]} Qf8+ {[%emt 0:00:21]} 68. Kb5 {[%emt 0:00:27]} Qb8+ {[%emt 0:00:11]} 69. Kc5 {[%emt 0:00:31]} Qc7+ {[%emt 0:01:41]} 70. Kb4 {[%emt 0:00:32]} Qb6+ {[%emt 0:00:23]} 71. Qb5 {[%emt 0:00:29]} Rb1+ {[%emt 0:00:06]} 0-1

[Event "GEO-ch 1st League 2021"]
[Site "Tbilisi"]
[Date "2021.04.02"]
[Round "5.10"]
[White "Tsereteli, Tornike"]
[Black "Donghvani, Nia"]
[Result "1-0"]
[WhiteElo "1765"]
[BlackElo "1985"]
[Annotator "ChessBase"]
[PlyCount "93"]
[EventDate "2021.03.29"]
[EventType "swiss"]
[EventCountry "GEO"]
[SourceTitle "playchess.com"]
[Source "ChessBase"]
[SourceQuality "1"]
[TimeControl "5400+30"]

1. e4 {[%emt 0:00:00]} c5 {[%emt 0:00:00]} 2. c3 {[%emt 0:00:00]} d5 {[%emt 0:00:00]} 3. exd5 {[%emt 0:00:00]} Qxd5 {[%emt 0:00:00]} 4. d4 {[%emt 0:00:00]} Nc6 {[%emt 0:00:00]} 5. Nf3 {[%emt 0:00:00]} Bf5 {[%emt 0:00:00]} 6. Be3 {[%emt 0:00:11]} Nf6 {[%emt 0:00:00]} 7. Be2 {[%emt 0:00:10]} cxd4 {[%emt 0:00:02]} 8. cxd4 {[%emt 0:00:06]} Bxb1 {[%emt 0:00:11]} 9. Rxb1 {[%emt 0:00:24]} e6 {[%emt 0:00:32]} 10. a3 {[%emt 0:00:46]} Be7 {[%emt 0:04:14]} 11. O-O {[%emt 0:00:10]} O-O {[%emt 0:00:05]} 12. h3 {[%emt 0:01:04]} Rfd8 {[%emt 0:02:51]} 13. b4 {[%emt 0:00:42]} b5 {[%emt 0:06:03]} 14. Qc2 {[%emt 0:03:06]} Rac8 {[%emt 0:01:23]} 15. Qb2 {[%emt 0:00:03]} Ne4 {[%emt 0:09:13]} 16. Rbc1 {[%emt 0:01:32]} Bf6 {[%emt 0:05:50]} 17. Rfd1 {[%emt 0:00:26]} a6 {[%emt 0:02:09]} 18. Rd3 {[%emt 0:06:44]} h6 {[%emt 0:07:14]} 19. Bd1 {[%emt 0:02:10]} Nd6 {[%emt 0:05:39]} 20. Nd2 {[%emt 0:04:01]} Nc4 {[%emt 0:03:44]} 21. Nxc4 {[%emt 0:01:01]} bxc4 {[%emt 0:00:05]} 22. Bf3 {[%emt 0:00:12]} Qb5 {[%emt 0:05:45]} 23. Rd2 {[%emt 0:02:11]} Ne7 {[%emt 0:05:23]} 24. Rdc2 {[%emt 0:02:11]} Nf5 {[%emt 0:11:02]} 25. Be2 {[%emt 0:03:12]} Rxd4 {[%emt 0:19:38]} 26. Qa2 {[%emt 0:03:13]} Nxe3 {[%emt 0:01:55]} 27. fxe3 {[%emt 0:01:11]} Rdd8 {[%emt 0:02:09]} 28. Rxc4 {[%emt 0:01:30]} Rxc4 {[%emt 0:00:17]} 29. Qxc4 {[%emt 0:00:35]} Qe5 {[%emt 0:02:00]} 30. Qc5 {[%emt 0:01:52]} Qg3 {[%emt 0:02:22]} 31. Rf1 {[%emt 0:14:22]} Rd2 {[%emt 0:03:51]} 32. Rf3 {[%emt 0:00:15]} Qe1+ {[%emt 0:00:06]} 33. Bf1 {[%emt 0:00:04]} Bh4 {[%emt 0:01:10]} 34. Qc8+ {[%emt 0:01:11]} Kh7 {[%emt 0:00:07]} 35. Qc4 {[%emt 0:00:06]} Bf2+ {[%emt 0:01:08]} 36. Kh2 {[%emt 0:00:02]} Rd1 {[%emt 0:01:16]} 37. Qc2+ {[%emt 0:00:56]} f5 {[%emt 0:00:20]} 38. Qxf2 {[%emt 0:00:06]} Qc3 {[%emt 0:00:06]} 39. Bxa6 {[%emt 0:02:54]} Qxa3 {[%emt 0:00:47]} 40. Qe2 {[%emt 0:04:53]} Rb1 {[%emt 0:00:09]} 41. e4 {[%emt 0:00:27]} Qxb4 {[%emt 0:00:28]} 42. exf5 {[%emt 0:00:16]} Qd6+ {[%emt 0:01:01]} 43. g3 {[%emt 0:00:53]} Qb6 {[%emt 0:00:41]} 44. Rf2 {[%emt 0:00:37]} Qc6 {[%emt 0:00:25]} 45. Rf1 {[%emt 0:01:05]} Rb3 {[%emt 0:00:35]} 46. fxe6 {[%emt 0:01:17]} Qb6 {[%emt 0:00:28]} 47. Bd3+ {[%emt 0:00:16]} 1-0

[Event "GEO-ch 1st League 2021"]
[Site "Tbilisi"]
[Date "2021.04.02"]
[Round "5.11"]
[White "Darsadze, Nikoloz"]
[Black "Chkhaidze, Nikoloz"]
[Result "0-1"]
[WhiteElo "1694"]
[BlackElo "2307"]
[Annotator "ChessBase"]
[PlyCount "53"]
[EventDate "2021.03.29"]
[EventType "swiss"]
[EventCountry "GEO"]
[SourceTitle "playchess.com"]
[Source "ChessBase"]
[SourceQuality "1"]
[TimeControl "5400+30"]

1. d4 {[%emt 0:00:00]} Nf6 {[%emt 0:00:00]} 2. Nf3 {[%emt 0:00:00]} d6 {[%emt 0:00:00]} 3. Bf4 {[%emt 0:00:00]} Nbd7 {[%emt 0:00:00]} 4. e3 {[%emt 0:00:03]} Nh5 {[%emt 0:00:05]} 5. Bg3 {[%emt 0:13:34]} Nxg3 {[%emt 0:01:32]} 6. hxg3 {[%emt 0:00:06]} g6 {[%emt 0:00:16]} 7. Be2 {[%emt 0:01:13]} Bg7 {[%emt 0:00:07]} 8. c4 {[%emt 0:00:09]} c5 {[%emt 0:00:42]} 9. Nc3 {[%emt 0:00:09]} cxd4 {[%emt 0:00:27]} 10. exd4 {[%emt 0:00:46]} O-O {[%emt 0:00:10]} 11. O-O {[%emt 0:00:48]} e5 {[%emt 0:01:09]} 12. dxe5 {[%emt 0:14:22]} dxe5 {[%emt 1:31:32]} 13. Rc1 {[%emt 0:13:07]} Nc5 {[%emt 0:00:00]} 14. b4 {[%emt 0:03:13]} Ne6 {[%emt 0:00:00]} 15. Qb3 {[%emt 0:08:30]} h5 {[%emt 0:00:00]} 16. Rfd1 {[%emt 0:05:45]} Nd4 {[%emt 0:00:00]} 17. Nxd4 {[%emt 0:00:53]} exd4 {[%emt 0:00:00]} 18. Nd5 {[%emt 0:00:53]} h4 {[%emt 0:00:00]} 19. gxh4 {[%emt 0:01:07]} Qxh4 {[%emt 0:00:00]} 20. Bf3 {[%emt 0:01:53]} Bf5 {[%emt 0:00:00]} 21. Re1 {[%emt 0:04:10]} Rfe8 {[%emt 0:00:00]} 22. Nc7 {[%emt 0:03:32]} Rxe1+ {[%emt 0:00:00]} 23. Rxe1 {[%emt 0:00:02]} Rd8 {[%emt 0:00:00]} 24. Nd5 {[%emt 0:02:09]} d3 {[%emt 0:00:00]} 25. Rd1 {[%emt 0:18:53]} Bd4 {[%emt 0:00:00]} 26. Rd2 {[%emt 0:04:50]} Kg7 {[%emt 0:00:00]} 27. g3 {[%emt 0:02:10]} 0-1

[Event "GEO-ch 1st League 2021"]
[Site "Tbilisi"]
[Date "2021.04.02"]
[Round "5.12"]
[White "Esadze, Tamari"]
[Black "Safarov, Deniel"]
[Result "1-0"]
[WhiteElo "1897"]
[BlackElo "1720"]
[Annotator "NA"]
[PlyCount "63"]
[EventDate "2021.03.29"]
[EventType "swiss"]
[EventCountry "GEO"]
[SourceTitle "playchess.com"]
[Source "ChessBase"]
[SourceQuality "1"]
[TimeControl "5400+30"]

1. e4 {[%emt 0:00:00]} c5 {[%emt 0:00:44]} 2. Nf3 {[%emt 0:00:00]} d6 {[%emt 0:00:07]} 3. d4 {[%emt 0:00:00]} cxd4 {[%emt 0:00:02]} 4. Nxd4 {[%emt 0:00:00]} Nf6 {[%emt 0:00:08]} 5. Nc3 {[%emt 0:00:00]} Nc6 {[%emt 0:00:02]} 6. Bg5 {[%emt 0:00:00]} e6 {[%emt 0:00:02]} 7. Qd2 {[%emt 0:00:00]} a6 {[%emt 0:00:03]} 8. O-O-O {[%emt 0:00:26]} h6 {[%emt 0:00:57]} 9. Bxf6 {[%emt 0:04:20]} Qxf6 {[%emt 0:02:17]} 10. Nb3 {[%emt 0:03:32]} b5 {[%emt 0:14:50]} 11. f4 {[%emt 0:04:47]} Qd8 {[%emt 0:02:51]} 12. a3 {[%emt 0:04:56]} Bb7 {[%emt 0:02:35]} 13. Be2 {[%emt 0:03:19]} Be7 {[%emt 0:01:59]} 14. Kb1 {[%emt 0:01:48]} Rc8 {[%emt 0:05:04]} 15. f5 {[%emt 0:03:43]} O-O {[%emt 0:10:04]} 16. fxe6 {[%emt 0:01:55]} fxe6 {[%emt 0:00:02]} 17. Bg4 {[%emt 0:00:19]} Rf6 {[%emt 0:00:07]} 18. Rhf1 {[%emt 0:02:57]} Bf8 {[%emt 0:04:24]} 19. Nd5 {[%emt 0:13:13]} Rxf1 {[%emt 0:13:41]} 20. Rxf1 {[%emt 0:02:06]} exd5 {[%emt 0:02:07]} 21. Bxc8 {[%emt 0:00:10]} Qxc8 {[%emt 0:00:10]} 22. Qxd5+ {[%emt 0:00:03]} Kh8 {[%emt 0:06:54]} 23. Qf7 {[%emt 0:00:59]} Be7 {[%emt 0:00:31]} 24. Na5 {[%emt 0:04:10]} Nxa5 {[%emt 0:05:18]} 25. Qxe7 {[%emt 0:00:04]} Qc4 {[%emt 0:02:33]} 26. Rf8+ {[%emt 0:01:51]} Kh7 {[%emt 0:00:07]} 27. Qe8 {[%emt 0:00:06]} g5 {[%emt 0:03:13]} 28. Rf7+ {[%emt 0:01:53]} Kg6 {[%emt 0:00:06]} 29. Rc7+ {[%emt 0:03:29]} Kf6 {[%emt 0:00:02]} 30. Qe7+ {[%emt 0:00:17]} Kg6 {[%emt 0:00:06]} 31. Rxc4 {[%emt 0:00:09]} bxc4 {[%emt 0:00:02]} 32. Qxd6+ {[%emt 0:00:06]} 1-0

[Event "GEO-ch 1st League 2021"]
[Site "Tbilisi"]
[Date "2021.04.03"]
[Round "6.1"]
[White "Lortkipanidze, Nodar"]
[Black "Morchiashvili, Bachana"]
[Result "1-0"]
[WhiteElo "2416"]
[BlackElo "2313"]
[Annotator "ChessBase"]
[PlyCount "105"]
[EventDate "2021.03.29"]
[EventType "swiss"]
[EventCountry "GEO"]
[SourceTitle "playchess.com"]
[Source "ChessBase"]
[SourceQuality "1"]
[TimeControl "5400+30"]

1. e4 {[%emt 0:00:00]} c5 {[%emt 0:00:00]} 2. c3 {[%emt 0:00:00]} Nf6 {[%emt 0:00:00]} 3. e5 {[%emt 0:00:00]} Nd5 {[%emt 0:00:00]} 4. g3 {[%emt 0:00:00]} d6 5. exd6 {[%emt 0:00:00]} e6 {[%emt 0:11:20]} 6. Bg2 {[%emt 0:00:05]} Bxd6 {[%emt 0:03:50]} 7. Nf3 {[%emt 0:00:25]} Nc6 {[%emt 0:00:33]} 8. d4 {[%emt 0:00:22]} cxd4 {[%emt 0:02:04]} 9. Nxd4 {[%emt 0:00:05]} Nxd4 {[%emt 0:01:34]} 10. Qxd4 {[%emt 0:00:06]} O-O {[%emt 0:00:56]} 11. O-O {[%emt 0:00:03]} Qc7 {[%emt 0:02:55]} 12. Nd2 {[%emt 0:01:27]} Bd7 {[%emt 0:07:02]} 13. Nf3 {[%emt 0:09:37]} Rfd8 {[%emt 0:03:58]} 14. c4 {[%emt 0:06:39]} Nb4 {[%emt 0:06:53]} 15. Qc3 {[%emt 0:02:48]} Rac8 {[%emt 0:04:45]} 16. Rd1 {[%emt 0:09:44]} Be8 {[%emt 0:09:17]} 17. a3 {[%emt 0:17:50]} Nc6 {[%emt 0:12:05]} 18. Bg5 {[%emt 0:03:25]} f6 {[%emt 0:01:26]} 19. Be3 {[%emt 0:02:54]} b6 {[%emt 0:03:24]} 20. Rac1 {[%emt 0:18:06]} Bh5 {[%emt 0:03:11]} 21. b4 {[%emt 0:04:59]} Ne5 {[%emt 0:11:23]} 22. Nxe5 {[%emt 0:00:05]} Bxd1 {[%emt 0:03:26]} 23. Nc6 {[%emt 0:00:28]} Be5 {[%emt 0:03:12]} 24. Qe1 {[%emt 0:00:06]} Ba4 {[%emt 0:01:55]} 25. Nxd8 {[%emt 0:23:16]} Rxd8 {[%emt 0:00:21]} 26. Bf4 {[%emt 0:00:00]} Bxf4 {[%emt 0:00:53]} 27. Qxe6+ {[%emt 0:00:00]} Kh8 {[%emt 0:00:01]} 28. gxf4 {[%emt 0:00:00]} Qxf4 {[%emt 0:00:02]} 29. Re1 {[%emt 0:00:00]} h6 {[%emt 0:01:15]} 30. b5 {[%emt 0:00:00]} Bc2 {[%emt 0:02:28]} 31. Bd5 {[%emt 0:00:00]} Bg6 {[%emt 0:01:05]} 32. Qe3 {[%emt 0:00:00]} Qxe3 {[%emt 0:00:36]} 33. fxe3 {[%emt 0:00:00]} Rd7 {[%emt 0:00:40]} 34. a4 {[%emt 0:00:00]} Bf7 {[%emt 0:00:08]} 35. e4 {[%emt 0:00:00]} Rc7 {[%emt 0:02:00]} 36. Rc1 {[%emt 0:00:00]} Kg8 {[%emt 0:00:26]} 37. Kf2 {[%emt 0:00:00]} Kf8 {[%emt 0:00:28]} 38. Ke3 {[%emt 0:00:00]} f5 {[%emt 0:01:08]} 39. a5 {[%emt 0:00:00]} Ke7 {[%emt 0:01:05]} 40. Bxf7 {[%emt 0:00:00]} Kxf7 {[%emt 0:00:01]} 41. exf5 {[%emt 0:00:00]} Kf6 {[%emt 0:00:22]} 42. Kd4 {[%emt 0:00:00]} Rd7+ {[%emt 0:00:29]} 43. Ke4 {[%emt 0:00:00]} Rc7 {[%emt 0:00:57]} 44. c5 {[%emt 0:00:00]} bxc5 {[%emt 0:00:25]} 45. Kd5 {[%emt 0:00:00]} Rd7+ {[%emt 0:00:35]} 46. Kc6 {[%emt 0:00:00]} Rd2 {[%emt 0:00:08]} 47. Kb7 {[%emt 0:00:00]} Rd7+ {[%emt 0:00:27]} 48. Kc6 {[%emt 0:00:00]} Rd2 {[%emt 0:00:04]} 49. Rxc5 {[%emt 0:00:00]} Rxh2 {[%emt 0:00:51]} 50. Kb7 {[%emt 0:00:00]} h5 {[%emt 0:00:18]} 51. Kxa7 {[%emt 0:00:00]} h4 {[%emt 0:00:01]} 52. b6 {[%emt 0:00:00]} h3 {[%emt 0:00:38]} 53. b7 {[%emt 0:00:00]} 1-0

[Event "GEO-ch 1st League 2021"]
[Site "Tbilisi"]
[Date "2021.04.03"]
[Round "6.2"]
[White "Azaladze, Shota"]
[Black "Akhvlediani, Irakli"]
[Result "1-0"]
[WhiteElo "2439"]
[BlackElo "2355"]
[Annotator "ChessBase"]
[PlyCount "95"]
[EventDate "2021.03.29"]
[EventType "swiss"]
[EventCountry "GEO"]
[SourceTitle "playchess.com"]
[Source "ChessBase"]
[SourceQuality "1"]
[TimeControl "5400+30"]

1. Nf3 {[%emt 0:00:00]} g6 {[%emt 0:00:00]} 2. g3 {[%emt 0:00:00]} Bg7 {[%emt 0:00:00]} 3. d4 {[%emt 0:00:00]} Nf6 {[%emt 0:01:35]} 4. Bg2 {[%emt 0:00:07]} O-O {[%emt 0:00:07]} 5. O-O {[%emt 0:00:29]} d6 {[%emt 0:00:06]} 6. c4 {[%emt 0:01:01]} Nc6 {[%emt 0:00:07]} 7. Nc3 {[%emt 0:00:39]} e5 {[%emt 0:00:06]} 8. dxe5 dxe5 {[%emt 0:00:31]} 9. Bg5 {[%emt 0:04:12]} Be6 {[%emt 0:00:05]} 10. Nd2 {[%emt 0:02:22]} Qb8 {[%emt 0:00:56]} 11. Qa4 {[%emt 0:02:53]} Nd7 {[%emt 0:00:05]} 12. Nd5 {[%emt 0:12:23]} Nb6 {[%emt 0:01:26]} 13. Qd1 {[%emt 0:02:47]} f6 {[%emt 0:06:42]} 14. Be3 {[%emt 0:00:24]} Rd8 {[%emt 0:00:16]} 15. b4 {[%emt 0:11:49]} Kh8 {[%emt 0:05:18]} 16. Qb3 {[%emt 0:06:57]} Nd4 {[%emt 0:05:27]} 17. Bxd4 {[%emt 0:00:41]} exd4 {[%emt 0:00:08]} 18. Nf4 {[%emt 0:04:55]} Bg8 {[%emt 0:06:38]} 19. a4 {[%emt 0:00:41]} a5 {[%emt 0:17:08]} 20. b5 {[%emt 0:01:05]} f5 {[%emt 0:02:16]} 21. Qc2 {[%emt 0:03:09]} Qa7 {[%emt 0:09:39]} 22. Rac1 {[%emt 0:04:00]} c5 {[%emt 0:07:14]} 23. bxc6 {[%emt 0:01:36]} bxc6 {[%emt 0:00:14]} 24. Bxc6 {[%emt 0:00:04]} Rac8 {[%emt 0:00:02]} 25. Bb5 {[%emt 0:00:12]} Nd5 {[%emt 0:10:39]} 26. Nxd5 {[%emt 0:00:57]} Bxd5 {[%emt 0:00:03]} 27. cxd5 {[%emt 0:06:51]} Rxc2 {[%emt 0:00:10]} 28. Rxc2 {[%emt 0:00:02]} d3 {[%emt 0:14:00]} 29. Bxd3 {[%emt 0:01:35]} Qd7 {[%emt 0:00:04]} 30. Rb1 {[%emt 0:06:17]} Qxa4 {[%emt 0:04:16]} 31. Rb7 {[%emt 0:00:35]} Qa1+ {[%emt 0:00:09]} 32. Kg2 {[%emt 0:00:15]} h6 {[%emt 0:04:36]} 33. Rcc7 {[%emt 0:08:13]} a4 {[%emt 0:00:41]} 34. Nc4 {[%emt 0:02:49]} Rxd5 {[%emt 0:02:59]} 35. Rc8+ {[%emt 0:00:47]} Kh7 {[%emt 0:00:01]} 36. Ra8 {[%emt 0:00:13]} Qf6 {[%emt 0:01:58]} 37. Rb6 {[%emt 0:02:11]} Qf7 {[%emt 0:01:31]} 38. Rxa4 {[%emt 0:03:15]} Rd4 {[%emt 0:00:21]} 39. Kg1 {[%emt 0:01:38]} Qd7 {[%emt 0:00:45]} 40. Rab4 {[%emt 0:01:55]} Rxd3 {[%emt 0:00:38]} 41. exd3 {[%emt 0:00:03]} Qxd3 {[%emt 0:00:03]} 42. Ne3 {[%emt 0:00:17]} h5 {[%emt 0:00:17]} 43. Rb7 {[%emt 0:00:35]} Kh6 {[%emt 0:01:39]} 44. Rf7 {[%emt 0:03:32]} Be5 {[%emt 0:00:33]} 45. Rbb7 {[%emt 0:00:49]} Qd4 {[%emt 0:00:28]} 46. h4 {[%emt 0:00:47]} Qa1+ {[%emt 0:00:28]} 47. Kg2 {[%emt 0:00:06]} g5 {[%emt 0:00:05]} 48. Rb6+ {[%emt 0:00:06]} 1-0

[Event "GEO-ch 1st League 2021"]
[Site "Tbilisi"]
[Date "2021.04.03"]
[Round "6.3"]
[White "Qalichava, Akaki"]
[Black "Arabidze, Meri"]
[Result "1-0"]
[WhiteElo "1877"]
[BlackElo "2437"]
[Annotator "ChessBase"]
[PlyCount "117"]
[EventDate "2021.03.29"]
[EventType "swiss"]
[EventCountry "GEO"]
[SourceTitle "playchess.com"]
[Source "ChessBase"]
[SourceQuality "1"]
[TimeControl "5400+30"]

1. e4 {[%emt 0:00:00]} c5 {[%emt 0:00:00]} 2. Nf3 {[%emt 0:00:00]} e6 {[%emt 0:00:00]} 3. d4 {[%emt 0:00:00]} cxd4 4. Nxd4 {[%emt 0:00:00]} Nc6 {[%emt 0:00:00]} 5. Nc3 {[%emt 0:00:00]} a6 {[%emt 0:00:08]} 6. Be3 {[%emt 0:00:11]} Nf6 {[%emt 0:00:20]} 7. Qd2 {[%emt 0:09:14]} Qc7 {[%emt 0:00:59]} 8. f3 {[%emt 0:00:32]} Be7 {[%emt 0:00:10]} 9. O-O-O {[%emt 0:00:53]} O-O {[%emt 0:00:06]} 10. g4 {[%emt 0:00:45]} b5 {[%emt 0:00:06]} 11. g5 {[%emt 0:02:07]} Nh5 {[%emt 0:00:03]} 12. Nce2 {[%emt 0:00:20]} Rd8 {[%emt 0:00:26]} 13. Ng3 {[%emt 0:01:36]} Nxd4 {[%emt 0:03:06]} 14. Bxd4 {[%emt 0:02:59]} Nf4 {[%emt 0:02:33]} 15. h4 {[%emt 0:08:25]} Bf8 {[%emt 0:29:57]} 16. Bb6 {[%emt 0:16:04]} Qxb6 {[%emt 0:02:24]} 17. Qxf4 {[%emt 0:02:22]} d5 {[%emt 0:14:03]} 18. e5 {[%emt 0:09:16]} Qa5 {[%emt 0:06:36]} 19. Bd3 {[%emt 0:16:53]} Qxa2 {[%emt 0:05:47]} 20. Nh5 {[%emt 0:03:50]} Ra7 {[%emt 0:02:54]} 21. Nf6+ {[%emt 0:02:21]} Kh8 {[%emt 0:00:10]} 22. Nxh7 {[%emt 0:06:18]} Bc5 {[%emt 0:00:42]} 23. g6 {[%emt 0:03:50]} fxg6 {[%emt 0:21:49]} 24. Nf6 {[%emt 0:00:38]} Qa1+ {[%emt 0:03:16]} 25. Kd2 {[%emt 0:00:05]} Qxb2 {[%emt 0:00:25]} 26. h5 {[%emt 0:00:27]} Qb4+ {[%emt 0:02:03]} 27. Qxb4 {[%emt 0:00:37]} Bxb4+ {[%emt 0:00:01]} 28. c3 {[%emt 0:00:41]} g5 {[%emt 0:00:09]} 29. cxb4 {[%emt 0:01:50]} gxf6 {[%emt 0:00:05]} 30. exf6 {[%emt 0:00:03]} Rf7 {[%emt 0:00:42]} 31. Rhg1 {[%emt 0:00:49]} Rxf6 {[%emt 0:04:42]} 32. Rxg5 {[%emt 0:00:15]} Rg8 {[%emt 0:00:16]} 33. Rxg8+ {[%emt 0:00:52]} Kxg8 {[%emt 0:00:01]} 34. Rc1 {[%emt 0:00:11]} Rf8 {[%emt 0:01:44]} 35. f4 {[%emt 0:00:49]} Bd7 {[%emt 0:01:04]} 36. Ke3 {[%emt 0:00:21]} Kg7 {[%emt 0:00:37]} 37. h6+ {[%emt 0:00:29]} Kf6 {[%emt 0:00:22]} 38. Rg1 {[%emt 0:00:33]} Be8 {[%emt 0:00:20]} 39. h7 {[%emt 0:01:03]} Bf7 {[%emt 0:00:06]} 40. Kd4 {[%emt 0:00:17]} Rc8 {[%emt 0:00:26]} 41. Rg5 {[%emt 0:00:26]} Rh8 {[%emt 0:01:07]} 42. Kc5 {[%emt 0:00:56]} Rb8 {[%emt 0:00:27]} 43. Rg1 {[%emt 0:00:49]} e5 {[%emt 0:00:38]} 44. fxe5+ {[%emt 0:01:05]} Kxe5 {[%emt 0:00:01]} 45. Rf1 {[%emt 0:01:24]} Be6 {[%emt 0:00:43]} 46. Bg6 {[%emt 0:00:18]} d4 {[%emt 0:00:51]} 47. Re1+ {[%emt 0:02:06]} Kf6 {[%emt 0:00:03]} 48. Kxd4 {[%emt 0:00:10]} Kxg6 {[%emt 0:00:41]} 49. Rxe6+ {[%emt 0:00:29]} Kxh7 {[%emt 0:00:02]} 50. Kc5 {[%emt 0:00:18]} Rc8+ {[%emt 0:00:43]} 51. Kb6 {[%emt 0:00:12]} Kg7 {[%emt 0:00:58]} 52. Kxa6 {[%emt 0:00:15]} Kf7 {[%emt 0:00:10]} 53. Re5 {[%emt 0:00:31]} Ra8+ {[%emt 0:00:55]} 54. Kxb5 {[%emt 0:00:05]} Kf6 {[%emt 0:00:17]} 55. Re1 {[%emt 0:00:51]} Rb8+ {[%emt 0:00:13]} 56. Kc5 {[%emt 0:00:03]} Rc8+ {[%emt 0:00:08]} 57. Kd6 {[%emt 0:00:05]} Rb8 {[%emt 0:00:38]} 58. Rf1+ {[%emt 0:00:05]} Kg6 {[%emt 0:00:05]} 59. Rb1 {[%emt 0:00:03]} 1-0

[Event "GEO-ch 1st League 2021"]
[Site "Tbilisi"]
[Date "2021.04.03"]
[Round "6.4"]
[White "Nigalidze, Gaioz"]
[Black "Tsereteli, Tornike"]
[Result "1-0"]
[WhiteElo "2480"]
[BlackElo "1765"]
[Annotator "TA"]
[PlyCount "61"]
[EventDate "2021.03.29"]
[EventType "swiss"]
[EventCountry "GEO"]
[SourceTitle "playchess.com"]
[Source "ChessBase"]
[SourceQuality "1"]

{[%evp 23,61,37,41,41,41,41,41,41,41,26,50,17,22,18,83,89,102,110,136,128,128,118,127,127,111,131,124,123,139,139,276,277,338,318,280,181,177,178,168,163]} 1. d4 Nf6 2. c4 g6 3. Nc3 d5 4. Nf3 Bg7 5. cxd5 Nxd5 6. e4 Nxc3 7. bxc3 c5 8. Be2 O-O 9. O-O Nc6 10. Be3 cxd4 11. cxd4 Bg4 12. d5 Ne5 {Threatening ...Nxf3+.} 13. Nd4 {D85: Exchange Grünfeld: Unusual White 7th moves and lines with 7 Nf3.} Bxe2 14. Qxe2 Rc8 15. Rac1 {White is slightly better.} Qd7 16. h3 {f4 is the strong threat.} Qa4 {[#]} 17. Rfd1 $146 ({Predecessor:} 17. f4 Nc4 18. Nb3 Nxe3 19. Qxe3 Qxa2 20. Nd4 Qb2 21. Ne2 b6 22. e5 Rc5 23. Rb1 {0-1 (34) Rodriguez Ramos,S-Rodriguez Castelao,J Asturias 2000}) 17... a6 18. f4 $36 {[%mdl 2048] White has the initiative.} Nc4 {[#]} (18... Nd7 $11 {remains equal.} 19. e5 Rxc1 20. Bxc1 (20. Rxc1 Nb6 $11) 20... Nb6) 19. Bf2 $1 $16 Na3 {Threatens to win with ...Bxd4.} 20. e5 Rc4 21. Rxc4 Qxc4 22. Qxc4 Nxc4 {[#]} 23. Rb1 $1 {[%cal Rb1b7]} Bh6 24. g3 Rd8 25. Rxb7 {And now Nc6 would win.} Rxd5 26. Rxe7 Nd2 (26... Bf8 $16 27. Ra7 Bc5 28. Ra8+ Kg7) 27. Re8+ $18 Kg7 28. Nc6 {Black must now prevent Ne7.} Ne4 {[#]} 29. Rg8+ $3 {[%mdl 576] Decoy} Kxg8 30. Ne7+ {[%mdl 64] Double Attack} Kf8 31. Nxd5 {Weighted Error Value: White=0.09/Black=0.19} 1-0